SCPs in SCP-Containment Breach - Statistics

General Stats
  • This quiz has been taken 697 times
  • The average score is 16 of 28
Answer Stats
In-game description Class SCP % Correct
Plague doctor whose touch will kill the player Euclid SCP-049
94%
Humanoid that kills anyone who sees its face Euclid SCP-096
93%
Creature that moves at rapid speeds while not in line of sight Euclid SCP-173
88%
Can phase through the walls and chases the player Keter SCP-106
87%
Virus that turns the player into zombie if contracted Euclid SCP-008
82%
Possessive mask that will try to trick the player into releasing it Keter SCP-035
82%
Computer that opens and closes doors randomly Euclid SCP-079
82%
Nearly indestructible reptile that breaks free in Gate B ending Keter SCP-682
80%
A pill that heals negative effects on the player Safe SCP-500
71%
Musical score that the player will try to complete Euclid SCP-012
70%
Predatory reptile that imitates human speech Keter SCP-939
67%
Amorphous mass that will play music loudly Euclid SCP-066
59%
Can refine or break items Safe SCP-914
58%
Teddy bear that appears around the facility Keter SCP-1048
51%
Entities only visible through night vision goggles Euclid SCP-966
46%
Liquid dispenser capable of producing anything Euclid SCP-294
42%
Ring that protects player from various harmful effects Safe SCP-714
39%
Cowbell that spawns a humanoid entity when rung Euclid SCP-513
38%
A pair of flood lamps that project a slideshow Euclid SCP-205
36%
Key that leads to a forest when used on a door Safe SCP-860
36%
Medical book that causes players to develop random symptoms when read Safe SCP-1025
34%
Coffin that kills the player when viewed with an electronic device Euclid SCP-895
33%
Metal substance that can be refined Euclid SCP-148
32%
Can periodically appear in player's peripheral vision Euclid SCP-372
32%
Human skull that causes a hallucination of World War II when touched Safe SCP-1123
31%
Talks to the player during a special loading screen Keter SCP-990
31%
Endless hallway Euclid SCP-970
29%
Gas mask that transport player to another dimension when worn Safe SCP-1499
27%
No matching quizzes found
Score Distribution
Percent of People with Each Score
Percentile by Number Answered
Your Score History
You have not taken this quiz